MARC

LEADER 00000nam0a2200000 4500
001 254406
005 20231101232931.0
010 |a 5785502062 
020 |a RU  |b 89-55575 
035 |a (RuTPU)RU\TPU\book\276863 
090 |a 254406 
100 |a 20140320d1989 m y0rusy5003 ca 
101 0 |a rus 
102 |a BY 
105 |a a j 001zy 
200 1 |a Радиооптика и голография  |e учебное пособие для вузов  |f А. С. Ключников 
210 |a Минск  |c Университетское  |d 1989 
215 |a 223,[1] с.  |c ил.  |d 20 см 
320 |a Библиогр.: с. 221-222 (39 назв.) 
606 1 |a Радиооптика  |2 stltpush  |3 (RuTPU)RU\TPU\subj\22896  |9 47576 
606 1 |a Голография  |2 stltpush  |3 (RuTPU)RU\TPU\subj\7402  |9 35072 
610 1 |a учебные пособия 
610 1 |a термины 
610 1 |a определения 
610 1 |a преобразования Фурье 
610 1 |a интегральные преобразования 
610 1 |a обработка информации 
610 1 |a оптические системы 
610 1 |a фильтрация 
610 1 |a когерентность 
610 1 |a радиолокация 
610 1 |a радиовидение 
610 1 |a звуковое вещание 
610 1 |a звуковидение 
610 1 |a моделирование 
610 1 |a волоконная оптика 
610 1 |a световоды 
675 |a 621.375.8(075.8)  |v 3 
675 |a 778.38(075.8)  |v 3 
700 1 |a Ключников  |b А. С.  |g Александр Сергеевич 
801 0 |a RU  |b RuMRKP  |c 19950417  |g psbo 
801 1 |a RU  |b 63413507  |c 20140320 
801 2 |a RU  |b 63413507  |c 20140621  |g RCR 
942 |c BK